LEADER 01497nam a2200301 i 4500 001 000000342057 003 CaOOAMICUS 005 20221006124311.0 008 200915s2020 it u000 u ita u 013 $a236257 020 $a978-88-7367-262-3 040 $aSeMil$bita 245 00$aCompetenza rituale :$bla "messa in scena" della fede come ars celebrandi /$cB. Baratto ... [et al.] ; a cura di Roberto Tagliaferri. 264 1$aRoma :$bCLV Edizioni Liturgiche ;$aPadova :$bAbbazia di Santa Giustina,$c2020. 300 $a242 p. ;$c21 cm 490 1 $aCaro Salutis Cardo. Contributi ;$v36 650 4$aPastorale liturgica.$0(OLS)http://semarc/subject/35164 650 4$aCelebrazione liturgica.$0(OLS)http://semarc/subject/48197 700 1 $aTagliaferri, Roberto,$d<1953- >.$0(OLS)http://semarc/name/44589 700 1 $aBaratto, Bruno,$d<1958- >.$0(OLS)http://semarc/name/83598 830 0$aCaro Salutis Cardo. Contributi ;$v36.$0(OLS)http://semarc/title/453 850 $aSeMil 852 $aSeMil$W1$xVenegono$y1$m2NA R 36$j256177$B233082$CSeMilBibl$Z2$F233082 $81 996 $6020$a978-88-7367-262-3$9(OLS)http://semarc/number/291218 996 $6245$aCompetenza rituale :$bla "messa in scena" della fede come ars celebrandi$9(OLS)http://semarc/title/430938 996 $6264$aRoma :$bCLV Edizioni Liturgiche$9(OLS)http://semarc/publisher/29627 996 $6264$aPadova :$bAbbazia di Santa Giustina$9(OLS)http://semarc/publisher/29796 LEADER 01072nam a2200229 i 4500 001 000000128486 003 CaOOAMICUS 005 20040726000000.0 008 040726s1966 it u000 u ita u 013 $a101213 040 $aSeMil$bita 245 13$aLa diffusione del naturalismo in Europa /$csaggio introduttivo di Evelina Borea. 300 $a1 v. :$bill. 490 0 $aI maestri del colore : la pił grande collana d'arte del mondo ;$v265 650 4$aNaturalismo - Sec. 17.$0(OLS)http://semarc/subject/25390 650 4$aPittura europea - Sec. 17.$0(OLS)http://semarc/subject/25391 700 1 $aBorea, Evelina.$0(OLS)http://semarc/name/30776 773 0 $tStoria della pittura.$dMilano : Fabbri, copyr. 1966-copyr. 1969.$gVolume15$w()11031 830 2$aI maestri del colore : la pił grande collana d'arte del mondo ;$v265.$0(OLS)http://semarc/title/2091 850 $aSeMil 852 $aSeMil$W1$xVenegono$y1$m5H XII 11/265$j82710$B82710$CSeMilBibl$Z2$F85057 $81 996 $6245$aLa diffusione del naturalismo in Europa$9(OLS)http://semarc/title/189919